The origins of the Second World War / (Record no. 9716)
[ view plain ]
| 000 -LEADER | |
|---|---|
| fixed length control field | 00796cam a2200277 i 4500 |
| 001 - CONTROL NUMBER | |
| JCCL Control Number | 9716 |
| 003 - CONTROL NUMBER IDENTIFIER | |
| JCCL marc code | BD-JhCC |
| 005 - DATE AND TIME OF LATEST TRANSACTION | |
| control field | 20180322175315.0 |
| 008 - FIXED-LENGTH DATA ELEMENTS--GENERAL INFORMATION | |
| fixed length control field | 180322s1978 ctu b 001 0 eng |
| 020 ## - INTERNATIONAL STANDARD BOOK NUMBER | |
| International Standard Book Number | 0300022158 |
| 035 ## - SYSTEM CONTROL NUMBER | |
| system control number | (BD-JhCC)9716 |
| 040 ## - CATALOGING SOURCE | |
| Original cataloging agency | DLC |
| Transcribing agency | DLC |
| Modifying agency | DLC |
| -- | BD-JhCC |
| 041 1# - LANGUAGE CODE | |
| Language code of Book | engfre |
| 050 00 - LIBRARY OF CONGRESS CALL NUMBER | |
| Classification number | D741 |
| Item number | .B2813 |
| 082 00 - DEWEY DECIMAL CLASSIFICATION NUMBER | |
| Classification number | 940.53/1 |
| Author mark and Year | ROB 1978 |
| 100 1# - MAIN ENTRY--PERSONAL NAME | |
| Personal name | Robertson E. M. |
| 245 14 - TITLE STATEMENT | |
| Title | The origins of the Second World War / |
| Statement of responsibility, etc | E. M. Robertson |
| 260 ## - PUBLICATION, DISTRIBUTION, ETC. (IMPRINT) | |
| Place of publication, distribution, etc | New Haven : |
| Name of publisher, distributor, etc | Yale University Press, |
| Date of publication, distribution, etc | 1978. |
| 300 ## - PHYSICAL DESCRIPTION | |
| Pagination | viii, 312 p. ; |
| Dimensions | 20 cm. |
| 500 ## - GENERAL NOTE | |
| General note | Translation of Les origines de la deuxième guerre mondiale. |
| 500 ## - GENERAL NOTE | |
| General note | Includes index. |
| 504 ## - BIBLIOGRAPHY, ETC. NOTE | |
| Bibliography, etc | Bibliography: p. 315. |
| 650 #0 - SUBJECT ADDED ENTRY--TOPICAL TERM | |
| Topical term or geographic name as entry element | World War, 1939-1945 |
| General subdivision | Causes. |
| 942 ## - ADDED ENTRY ELEMENTS (KOHA) | |
| Source of classification or shelving scheme | Dewey Decimal Classification |
| Koha item type | Books |
| Source of classification or shelving scheme | Damaged status | Not for loan | Home library | Current library | Shelving location | Date of accession | Total Checkouts | Full call number | Barcode | Date last seen | Date checked out | Copy number | Koha item type |
|---|---|---|---|---|---|---|---|---|---|---|---|---|---|
| Dewey Decimal Classification | JCC Rouf Library | JCC Rouf Library | General Stacks | 11/11/2024 | 1 | 940.53/1 ROB 1978 | 12750 | 11/24/2024 | 11/11/2024 | C - 1 | Books |